MARC details
| 000 -CABECERA |
| campo de control de longitud fija |
02080cam a2200325 i 4500 |
| 003 - IDENTIFICADOR DEL NÚMERO DE CONTROL |
| campo de control |
DO-SdBNP |
| 005 - FECHA Y HORA DE LA ÚLTIMA TRANSACCIÓN |
| campo de control |
20240625101104.0 |
| 007 - CAMPO FIJO DE DESCRIPCIÓN FÍSICA--INFORMACIÓN GENERAL |
| campo de control de longitud fija |
ta |
| 008 - DATOS DE LONGITUD FIJA--INFORMACIÓN GENERAL |
| campo de control de longitud fija |
240625s2003 cu 000 f spa d |
| 020 ## - NÚMERO INTERNACIONAL ESTÁNDAR DEL LIBRO |
| Número Internacional Estándar del Libro |
9592600732 |
| 040 ## - FUENTE DE LA CATALOGACIÓN |
| Centro catalogador/agencia de origen |
DO-SdBNP |
| Centro/agencia transcriptor |
spa |
| Centro/agencia modificador |
BNPHU |
| Normas de descripción |
rda |
| 082 ## - NÚMERO DE LA CLASIFICACIÓN DECIMAL DEWEY |
| Número de clasificación |
070.44 |
| Número de documento/Ítem |
C3469i |
| Número de edición |
22 |
| 100 1# - ENTRADA PRINCIPAL--NOMBRE DE PERSONA |
| Nombre de persona |
Castaño Hoyos, José Alejandro |
| Fechas asociadas al nombre |
1972- |
| Término indicativo de función/relación |
autor |
| 9 (RLIN) |
85782 |
| 245 13 - MENCIÓN DE TÍTULO |
| Título |
La isla de Morgan / |
| Mención de responsabilidad, etc. |
José Alejandro Castaño |
| 264 #1 - PRODUCCIÓN, PUBLICACIÓN, DISTRIBUCIÓN, FABRICACIÓN Y COPYRIGHT |
| Producción, publicación, distribución, fabricación y copyright |
La Habana, Cuba : |
| Nombre del de productor, editor, distribuidor, fabricante |
Fondo Editorial Casa de las Américas, |
| Fecha de producción, publicación, distribución, fabricación o copyright |
2003. |
| 264 #3 - PRODUCCIÓN, PUBLICACIÓN, DISTRIBUCIÓN, FABRICACIÓN Y COPYRIGHT |
| Fecha de producción, publicación, distribución, fabricación o copyright |
2018. |
| 300 ## - DESCRIPCIÓN FÍSICA |
| Extensión |
92 páginas |
| Dimensiones |
19 cm. |
| 336 ## - TIPO DE CONTENIDO |
| Fuente |
rdacontent |
| Término de tipo de contenido |
texto |
| Código de tipo de contenido |
txt |
| 337 ## - TIPO DE MEDIO |
| Fuente |
rdamedia |
| Nombre/término del tipo de medio |
sin mediación |
| Código del tipo de medio |
n |
| 338 ## - TIPO DE SOPORTE |
| Fuente |
rdacarrier |
| Nombre/término del tipo de soporte |
volumen |
| Código del tipo de soporte |
nc |
| 490 1# - MENCIÓN DE SERIE |
| Mención de serie |
Literatura Testimonial |
| 500 ## - NOTA GENERAL |
| Nota general |
Incluye datos biografícos del autor en la solapa dela contraportada. |
| 520 ## - SUMARIO, ETC. |
| Sumario, etc. |
La ciudad tiene mil caras, en sus calles, sus rostros y sus escenarios, se ocultan también mil historias. La isla de Morgan es un relato sobre una de esas realidades que pocos conocen a fondo: Las cuevas de Barrio Triste, escenario de una de las más grandes tragedias sociales de los últimos años en Medellín. En su estilo testimonial, que no teme llamar a las cosas por su nombre, José Alejandro Castaño, escritor, cronista y periodista Colombiano, nos narra una historia que en muchos momentos parece sacada de la ficción más retorcida. Injusticia social, discriminación, abandono e insensibilidad, son sólo algunas de las realidades que allí se ilustran, por lo cual es un libro no recomendado para quienes huyen de la cara más dura de lo real. Los escenarios, acontecimientos y personajes se presentan en la historia de una forma muy cinematográfica, llevando al lector del repudio a la ternura, de la risa al asombro, de la misma manera que si estuviese sentado en una sala de cine. |
| 586 ## - NOTA DE PREMIOS |
| Nota de premios |
Premio Casa de las Américas, 2003. |
| 590 ## - NOTA LOCAL (RLIN) |
| Nota local |
Inventariado, 2024/ YL |
| 650 14 - PUNTO DE ACCESO ADICIONAL DE MATERIA--TÉRMINO DE MATERIA |
| Término de materia o nombre geográfico como elemento de entrada |
Crónicas Periodísticas |
| 9 (RLIN) |
85785 |
| 650 14 - PUNTO DE ACCESO ADICIONAL DE MATERIA--TÉRMINO DE MATERIA |
| Término de materia o nombre geográfico como elemento de entrada |
Vida cotidiana |
| Subdivisión geográfica |
Medellín [Antioquia, Colombia] |
| 9 (RLIN) |
85786 |
| 910 ## - DATOS DE OPCIÓN DEL USUARIO (OCLC) |
| Datos de opción del usuario |
YLockward |
| 942 ## - ELEMENTOS DE PUNTO DE ACCESO ADICIONAL (KOHA) |
| Fuente del sistema de clasificación o colocación |
Dewey Decimal Classification |
| Tipo de ítem Koha |
Libro |